000 00500nam a2200181 a 4500
001 000024111
003 DO-SdBNP
005 20230320140321.0
008 110119s1996 dr 000 0 spa d
040 _aDO-SdBNP
_bspa
_cBNPHU
100 1 _aTellado, Antonio
_916486
245 1 0 _aPráctica de derecho comercial /
_cAntonio Tellado.
250 _a3a ed.
260 _aSanto Domingo :
_bSeralles,
_c1996.
300 _at. : ;
_c20 cm.
500 _aLa biblioteca posee el tomo I
942 _2ddc
_cLBS1
999 _c23606
_d23606